000 00433nam a2200145Ia 4500
008 211109s9999||||xx |||||||||||||| ||und||
082 _a821
_bFOR-F
100 _aFord Boris Ed,
245 0 _aFrom Blake To Byron V
260 _bPenguin Books Ltd.
_aEngland
_c1957
300 _a316p
630 _xGeneral Stack
650 _aEnglish poetry
_vEnglish & Old English literaturesLiterature & rhetoricLiterature
_xEnglish
942 _cBOOK
999 _c34812
_d34812